|
|
|
|
| LEADER |
01048nam a2200229 u 4500 |
| 001 |
10039101 |
| 003 |
GR-PaULI |
| 005 |
20241213110343.0 |
| 008 |
010209s1975 gr eng |
| 952 |
|
|
|0 0
|1 0
|2 ddc
|4 0
|6 307_760000000000000_ΔΟΞ
|7 0
|9 25545
|a LISP
|b LISP
|c BSC
|d 2016-04-24
|i 062422
|l 6
|m 3
|o 307.76 ΔΟΞ
|p 025000084871
|q 2025-06-24
|r 2025-06-03 13:47:34
|s 2025-06-03
|t 1
|v 2016.00
|w 2016-04-24
|y BK15
|
| 999 |
|
|
|c 16226
|d 16226
|
| 040 |
|
|
|a GR-PaULI
|c GR-PaULI
|b gre
|e AACR2
|
| 082 |
0 |
4 |
|a 307.76
|2 23
|
| 100 |
1 |
|
|a Δοξιάδης, Κωνσταντίνος Α.,
|d 1913-1975
|e συγγραφέας.
|9 27532
|
| 245 |
1 |
0 |
|a Building entopia /
|c C.A. Doxiadis.
|
| 260 |
|
|
|a Athens :
|b Athens Publishing Center,
|c 1975.
|
| 300 |
|
|
|a xxii, 331 σ. :
|b εικ. ;
|c 24 εκ.
|
| 504 |
|
|
|a Περιλαμβάνει βιβλιογραφικές παραπομπές και ευρετήριο.
|
| 650 |
|
4 |
|a Πόλεις και κωμοπόλεις
|9 6539
|
| 650 |
|
4 |
|a Σχεδιασμός πόλεων
|9 771
|
| 942 |
|
|
|2 ddc
|c BK15
|
| 998 |
|
|
|c ΠΑΝΑΓΟΠΟΥΛΟΥ
|d 2001-02
|